Výskum a vývoj ako nástroj udržateľného rozvoja podniku z účtovného a daňového hľadiska dizertačná práca

Salvato in:
Dettagli Bibliografici
Autore principale: Jančičková, Lea, 1996-
Ente Autore: Fakulta hospodárskej informatiky EU. Katedra účtovníctva a audítorstva
Altri autori: Pakšiová, Renáta, 1974-
Natura: Libro
Lingua:slovacco
Pubblicazione: Bratislava 2023
Soggetti:
Tags: Aggiungi Tag
Nessun Tag, puoi essere il primo ad aggiungerne!!

MARC

LEADER 00000nbm a2200000 4500
001 0295990
005 20230929115420.2
041 0 |a slo 
044 |a SK 
245 1 0 |a Výskum a vývoj ako nástroj udržateľného rozvoja podniku z účtovného a daňového hľadiska  |b dizertačná práca  |c Lea Jančičková ; školiteľ: Renáta Pakšiová 
264 1 |a Bratislava  |c 2023 
300 |a 138 s. 
610 2 0 |a výskum 
610 2 0 |a vývoj 
610 2 0 |a rozvoj trvalo udržateľný 
610 2 0 |a podnik 
610 2 0 |a účtovníctvo 
610 2 0 |a dane 
100 1 |a Jančičková, Lea, 1996- 
700 1 |a Pakšiová, Renáta, 1974- 
710 2 |a Fakulta hospodárskej informatiky EU. Katedra účtovníctva a audítorstva